Complete novels the trial america the castle (Record no. 5298)

000 -LEADER
fixed length control field 00411 a2200145 4500
020 ## - INTERNATIONAL STANDARD BOOK NUMBER
International Standard Book Number 0749398078
082 ## - DEWEY DECIMAL CLASSIFICATION NUMBER
Classification number 823.7
090 ## - LOCALLY ASSIGNED LC-TYPE CALL NUMBER (OCLC); LOCAL CALL NUMBER (RLIN)
-- 1343
-- 1343
100 ## - MAIN ENTRY--PERSONAL NAME
Personal name Kafka ,Franz .
245 ## - TITLE STATEMENT
Title Complete novels the trial america the castle
Statement of responsibility, etc. Franz Kafka ,
260 ## - PUBLICATION, DISTRIBUTION, ETC.
Place of publication, distribution, etc. London :
Name of publisher, distributor, etc. Vintage ,
Date of publication, distribution, etc. 1992
300 ## - PHYSICAL DESCRIPTION
Extent 464 p.
650 ## - SUBJECT ADDED ENTRY--TOPICAL TERM
Topical term or geographic name entry element 1. Love stories , English. 2.social life and customs ---Fiction
942 ## - ADDED ENTRY ELEMENTS (KOHA)
Koha item type Book
Call number prefix 823.7 KAF
Holdings
Withdrawn status Lost status Damaged status Not for loan Collection code Permanent Location Current Location Shelving location Date acquired Source of acquisition Cost, normal purchase price Total Checkouts Total Renewals Full call number Barcode Checked out Date last seen Date last checked out Price effective from Koha item type
          Central Library (CL) Central Library (CL) Fiction 06/04/2005 Academic Book Company 675.00 9 12 823.7 KAF SEECS005864 06/06/2024 05/07/2024 05/07/2024 01/05/2017 Book
© 2023 Central Library, National University of Sciences and Technology. All Rights Reserved.